000 00287nam a22001217a 4500
008 170817b xxu||||| |||| 00| 0 eng d
041 _aeng
080 _a51
100 _a35
101 _aMAT
245 _aHYPERSONIC FLOW THEORY APPLIED MATHEMATICS
_cHAYES.D.W
942 _2udc
_cBK
999 _c23919
_d23919